[Event "29th Czech Open A 2018"]
[Site "Pardubice CZE"]
[Date "2018.07.26"]
[Round "7.18"]
[White "Yankelevich, Lev"]
[Black "Bernadskiy, Vitaliy"]
[Result "0-1"]
[WhiteTitle "IM"]
[BlackTitle "GM"]
[WhiteElo "2411"]
[BlackElo "2586"]
[WhiteFideId "24684074"]
[BlackFideId "14100371"]
[EventDate "2018.07.20"]

1. d4 d5 2. c4 e6 3. Nf3 dxc4 4. e3 Nf6 5. Bxc4 a6 6. O-O Nbd7 7. a4 b6 8. Re1
Bb7 9. Nc3 Bb4 10. Qb3 c5 11. Bd2 O-O 12. Qd1 Qc7 13. Ba2 e5 14. dxc5 Nxc5 15.
Ne4 Bxe4 16. Bxb4 Rfd8 17. Qc1 Bxf3 18. gxf3 e4 19. Bxc5 bxc5 20. fxe4 Nxe4 21.
Rd1 Qb7 22. Qc4 Ng5 23. Rd5 Nf3+ 24. Kg2 Nd2 25. Qxc5 Ne4 26. Qa5 Nf6 27. e4 Re8
28. Rc1 Rxe4 29. Qc7 Qxb2 30. Rc2 Qb4 31. Rd3 Rf8 32. Rc4 Rxc4 33. Bxc4 Qxa4 34.
Rd6 Ne8 35. Qc6 Qb4 36. Rd7 Nf6 37. Rb7 Qe1 38. Bxf7+ Kh8 39. Qd6 Qxf2+ 40. Kh3
Qf3+ 0-1

[Event "29th Czech Open A 2018"]
[Site "Pardubice CZE"]
[Date "2018.07.26"]
[Round "7.19"]
[White "Nguyen, Thai Dai Van"]
[Black "Lalic, Bogdan"]
[Result "1-0"]
[WhiteTitle "GM"]
[BlackTitle "GM"]
[WhiteElo "2546"]
[BlackElo "2394"]
[WhiteFideId "358878"]
[BlackFideId "409081"]
[EventDate "2018.07.20"]

1. e4 e6 2. d4 d5 3. Nc3 Bb4 4. e5 c5 5. a3 Bxc3+ 6. bxc3 Ne7 7. h4 Qc7 8. Nf3
Nbc6 9. h5 h6 10. Be2 Bd7 11. O-O f6 12. Bf4 f5 13. dxc5 g5 14. hxg6 Nxg6 15.
Bh2 Nce7 16. Rb1 O-O-O 17. Bb5 Qxc5 18. Bxd7+ Rxd7 19. Nd4 Qxc3 20. Nxe6 d4 21.
Rb5 b6 22. Rb3 Qc4 23. Ng7 Qc6 24. Qf3 Qxf3 25. Rxf3 Nc6 26. Nxf5 Ngxe5 27. Rh3
h5 28. Bxe5 Nxe5 29. Rd1 Nc6 30. Rh4 b5 31. Rd3 a6 32. Nxd4 Ne5 33. Rdh3 Nc4 34.
a4 Rhd8 35. Nb3 Ne5 36. Rc3+ Kb8 37. axb5 Ng4 38. g3 Rf7 39. f3 Re8 40. fxg4
Re1+ 41. Kg2 Re2+ 42. Kh3 Rf1 43. gxh5 1-0

[Event "29th Czech Open A 2018"]
[Site "Pardubice CZE"]
[Date "2018.07.26"]
[Round "7.20"]
[White "Plat, Vojtech"]
[Black "Sadhwani, Raunak"]
[Result "1/2-1/2"]
[WhiteTitle "GM"]
[BlackTitle "FM"]
[WhiteElo "2543"]
[BlackElo "2409"]
[WhiteFideId "325740"]
[BlackFideId "35093487"]
[EventDate "2018.07.20"]

1. e4 c6 2. d4 d5 3. exd5 cxd5 4. Bd3 Nc6 5. c3 Nf6 6. Bf4 Bg4 7. Qb3 Qd7 8. Nd2
e6 9. Ngf3 Bd6 10. Bxd6 Qxd6 11. Qxb7 Rb8 12. Qa6 O-O 13. O-O Rb6 14. Qa3 Qxa3
15. bxa3 Bxf3 16. Nxf3 Rc8 17. Rab1 Na5 18. Rxb6 axb6 19. Rc1 Ne8 20. Kf1 Nd6
21. Nd2 1/2-1/2

[Event "29th Czech Open A 2018"]
[Site "Pardubice CZE"]
[Date "2018.07.26"]
[Round "7.21"]
[White "Tomazini, Zan"]
[Black "Gonda, Laszlo"]
[Result "0-1"]
[WhiteTitle "IM"]
[BlackTitle "GM"]
[WhiteElo "2406"]
[BlackElo "2534"]
[WhiteFideId "14608162"]
[BlackFideId "720852"]
[EventDate "2018.07.20"]

1. e4 e5 2. Nf3 Nc6 3. d4 exd4 4. Nxd4 Bc5 5. Nb3 Bb6 6. Qe2 a5 7. a4 d6 8. Nc3
Nb4 9. Bf4 Nf6 10. O-O-O O-O 11. f3 d5 12. Bg5 h6 13. Nxd5 Nbxd5 14. Rxd5 Qe7
15. Bxf6 Qxf6 16. g3 Qc6 17. Qb5 Qxb5 18. axb5 a4 19. Nd2 Be6 20. Rd3 Bc5 21.
Nb1 f5 22. Rc3 Bd4 23. Bc4 Rae8 24. Bxe6+ Rxe6 25. Rd3 Bb6 26. Nd2 g5 27. Re1
Rfe8 28. Rd5 Re5 29. Rxe5 Rxe5 30. c4 Ba5 31. Re2 Rc5 32. exf5 Bxd2+ 33. Rxd2
Rxc4+ 34. Rc2 Rb4 35. Rxc7 Rxb5 36. g4 Rb4 37. Kc2 b5 38. Rc6 Kg7 39. Rg6+ Kh7
40. Rd6 Kg7 41. Rd7+ Kg8 42. Rd3 Rf4 43. Re3 Kf7 44. Kb1 h5 45. h3 h4 46. Kc2
Rb4 47. Rc3 Kf8 48. Rc7 Rb3 49. f4 gxf4 50. g5 Rg3 51. Rc8+ Kf7 52. g6+ Kf6 53.
Rf8+ Ke5 54. Rf7 b4 55. g7 b3+ 56. Kd2 Rg2+ 57. Kc3 f3 58. Kd3 a3 59. bxa3 b2
60. Rb7 Rxg7 61. Rxb2 Kf4 62. Rb4+ Kg3 63. f6 Rg6 64. Ke3 Rxf6 65. Rg4+ Kxh3 66.
Rg1 f2 0-1

[Event "29th Czech Open A 2018"]
[Site "Pardubice CZE"]
[Date "2018.07.26"]
[Round "7.22"]
[White "Praggnanandhaa, R"]
[Black "Skliarov, Viktor"]
[Result "1-0"]
[WhiteTitle "IM"]
[BlackTitle "IM"]
[WhiteElo "2529"]
[BlackElo "2357"]
[WhiteFideId "25059530"]
[BlackFideId "14106736"]
[EventDate "2018.07.20"]

1. e4 c5 2. Na3 Nc6 3. Bb5 g6 4. Bxc6 bxc6 5. d3 Bg7 6. f4 Nh6 7. Nf3 O-O 8. O-O
f5 9. e5 Nf7 10. Qe2 Qc7 11. Bd2 Nd8 12. h4 h5 13. Qe3 Ne6 14. Ng5 Nxg5 15. hxg5
d6 16. Bc3 dxe5 17. Qxc5 Qb6 18. Qxb6 axb6 19. Rae1 exf4 20. Bxg7 Kxg7 21. Rxe7+
Rf7 22. Rxf7+ Kxf7 23. Nc4 Be6 24. Ne5+ Kg7 25. Rxf4 Rxa2 26. Rb4 Ra1+ 27. Kh2
Re1 28. Nxc6 Bd5 29. Nd4 Rd1 30. Ne2 Rd2 31. Nf4 Bf7 32. c3 h4 33. Kh3 Rd1 34.
Kxh4 1-0

[Event "29th Czech Open A 2018"]
[Site "Pardubice CZE"]
[Date "2018.07.26"]
[Round "7.23"]
[White "Simacek, Pavel"]
[Black "Bruedigam, Martin"]
[Result "1-0"]
[WhiteTitle "GM"]
[BlackTitle "IM"]
[WhiteElo "2490"]
[BlackElo "2387"]
[WhiteFideId "307165"]
[BlackFideId "24608033"]
[EventDate "2018.07.20"]

1. e4 e5 2. Nf3 Nc6 3. Bc4 Bc5 4. c3 Nf6 5. d3 d6 6. Bb3 h6 7. Nbd2 a5 8. h3 Be6
9. Ba4 Bd7 10. Nf1 Ne7 11. Bc2 Ng6 12. Ne3 Ba7 13. g3 Be6 14. d4 exd4 15. Nxd4
Bd7 16. Bd2 O-O 17. Qf3 Re8 18. O-O-O Ne5 19. Qg2 a4 20. f4 Nc6 21. Ndf5 a3 22.
b3 Ne7 23. g4 Bc6 24. Nxg7 Nxe4 25. Nxe8 Bxe3 26. Bxe4 Qxe8 27. Bxe3 Ng6 28. Rd4
Nh4 29. Bxc6 Qxe3+ 30. Qd2 Qxd2+ 31. Kxd2 bxc6 32. Ke3 1-0

[Event "29th Czech Open A 2018"]
[Site "Pardubice CZE"]
[Date "2018.07.26"]
[Round "7.24"]
[White "Rahul, Srivatshav P"]
[Black "Belyakov, Bogdan"]
[Result "1-0"]
[WhiteTitle "IM"]
[BlackTitle "IM"]
[WhiteElo "2397"]
[BlackElo "2489"]
[WhiteFideId "25059653"]
[BlackFideId "24104795"]
[EventDate "2018.07.20"]

1. d4 d5 2. c4 dxc4 3. e3 e5 4. Bxc4 Nc6 5. Nf3 e4 6. Nfd2 Qg5 7. Nxe4 Qxg2 8.
Ng3 Nf6 9. Nc3 Bb4 10. Bd2 Bxc3 11. Bxc3 Ne4 12. Rf1 Nxc3 13. bxc3 O-O 14. Qc2
Bg4 15. h3 Bf3 16. Rh1 Rfe8 17. Qd2 Bd5 18. Bf1 Qf3 19. Rg1 Rad8 20. Be2 Qf6 21.
Nh5 Qd6 22. Nxg7 Qh2 23. O-O-O Kf8 24. Nxe8 Rxe8 25. f3 Ne7 26. e4 Ng6 27. Bb5
Qxd2+ 28. Kxd2 c6 29. exd5 cxb5 30. Rb1 a6 31. a4 Nf4 32. Rge1 Rd8 33. axb5 Nxd5
34. bxa6 bxa6 35. Ra1 Rd6 36. c4 Nc7 37. Kc3 Rh6 38. d5 Rxh3 39. d6 Rxf3+ 40.
Kb4 Ne6 41. Rxa6 Ke8 42. c5 Kd7 43. Ra7+ Kc6 44. Rxe6 Rf4+ 45. Ka5 fxe6 46. Rc7+
Kd5 47. d7 Rf8 48. Rc8 1-0

[Event "29th Czech Open A 2018"]
[Site "Pardubice CZE"]
[Date "2018.07.26"]
[Round "7.25"]
[White "Potapov, Alexander1"]
[Black "Caspi, Israel"]
[Result "1-0"]
[WhiteTitle "GM"]
[BlackTitle "IM"]
[WhiteElo "2404"]
[BlackElo "2484"]
[WhiteFideId "4115074"]
[BlackFideId "2807394"]
[EventDate "2018.07.20"]

1. d4 f5 2. g3 Nf6 3. Bg2 g6 4. Nf3 Bg7 5. O-O O-O 6. c4 d6 7. Nc3 c6 8. Rb1 Ne4
9. Qc2 Nxc3 10. Qxc3 e5 11. dxe5 dxe5 12. e4 f4 13. b3 Qe7 14. c5 Be6 15. Bb2
Nd7 16. Rbc1 g5 17. Rfd1 g4 18. Nh4 Rf7 19. Bf1 Raf8 20. Rd6 fxg3 21. fxg3 Bh6
22. Rcd1 Nxc5 23. Bc4 Bxc4 24. Nf5 Rxf5 25. exf5 Be2 26. Qxc5 Qg5 27. Bc1 Qxf5
28. Bxh6 Bxd1 29. Rxd1 Re8 30. Rf1 1-0

[Event "29th Czech Open A 2018"]
[Site "Pardubice CZE"]
[Date "2018.07.26"]
[Round "7.27"]
[White "Grekh, Andrey"]
[Black "Henderson de La Fuente, Lance"]
[Result "0-1"]
[WhiteTitle "IM"]
[BlackTitle "IM"]
[WhiteElo "2400"]
[BlackElo "2463"]
[WhiteFideId "14112418"]
[BlackFideId "32096585"]
[EventDate "2018.07.20"]

1. Nf3 Nf6 2. g3 d5 3. Bg2 e6 4. O-O c5 5. d4 cxd4 6. Nxd4 e5 7. Nb3 Be6 8. Nc3
Be7 9. Bg5 Nbd7 10. e3 O-O 11. Qd2 e4 12. Nd4 Ne5 13. b3 Qd7 14. Rad1 Rad8 15.
f4 exf3 16. Nxf3 Nc6 17. Nd4 Bg4 18. Nde2 Bb4 19. Bxf6 gxf6 20. Bf3 Bh3 21. Rf2
Rfe8 22. a3 d4 23. exd4 Bxc3 24. Qxc3 Ne5 25. Re1 Nxf3+ 26. Rxf3 Bg4 27. Rf2 Qe6
28. Kf1 Bh3+ 29. Kg1 Re7 30. d5 Rxd5 31. Ra1 Re5 32. Re1 Bg4 0-1

[Event "29th Czech Open A 2018"]
[Site "Pardubice CZE"]
[Date "2018.07.26"]
[Round "7.28"]
[White "Swayams, Mishra"]
[Black "Krapivin, Vladislav"]
[Result "1-0"]
[WhiteTitle "IM"]
[BlackTitle "IM"]
[WhiteElo "2463"]
[BlackElo "2310"]
[WhiteFideId "5028183"]
[BlackFideId "4126149"]
[EventDate "2018.07.20"]

1. d4 Nf6 2. c4 d6 3. Nf3 Nbd7 4. Nc3 c6 5. e4 e5 6. Be2 Be7 7. Nh4 exd4 8. Qxd4
Qb6 9. Nf5 Qxd4 10. Nxd4 Nc5 11. f3 a5 12. Be3 O-O 13. O-O Re8 14. Rfd1 g6 15.
Rd2 Nfd7 16. Rad1 Bf8 17. Kf2 f6 18. h3 Ne5 19. f4 Nf7 20. Bf3 Be7 21. Re2 Bf8
22. h4 Nh6 23. Bc1 Nf7 24. h5 Ne6 25. Be3 g5 26. g3 gxf4 27. gxf4 Bh6 28. Rg1+
Kh8 29. Nxe6 Bxe6 30. Bd4 Bg7 31. b3 c5 32. Be3 f5 33. exf5 Bxc3 34. fxe6 Rxe6
35. Bxb7 Rae8 36. Bd5 Rxe3 37. Rxe3 Bd4 38. Rg3 Nh6 39. Ke2 Rxe3+ 40. Rxe3 Bxe3
41. Kxe3 Kg7 42. Ke4 Kf6 43. Kd3 Kg7 44. Ke4 Kf6 45. Kd3 Kg7 46. Kc3 Nf5 47. Kb2
Ng3 48. Bf3 Kh6 49. Ka3 Nxh5 50. Ka4 Nxf4 51. Kxa5 Kg5 52. Kb6 h5 53. a4 h4 54.
a5 h3 55. a6 Ng2 56. a7 Kf4 57. a8=Q 1-0

[Event "29th Czech Open A 2018"]
[Site "Pardubice CZE"]
[Date "2018.07.26"]
[Round "7.29"]
[White "Schroeder, Kevin"]
[Black "Merry, Alan B"]
[Result "0-1"]
[WhiteTitle "FM"]
[BlackTitle "IM"]
[WhiteElo "2329"]
[BlackElo "2462"]
[WhiteFideId "12929840"]
[BlackFideId "418811"]
[EventDate "2018.07.20"]

1. d4 Nf6 2. c4 g6 3. Nc3 Bg7 4. e4 d6 5. Be2 O-O 6. Be3 Nbd7 7. Qc2 e5 8. d5
Nc5 9. O-O-O Ng4 10. Bxg4 Bxg4 11. f3 Bd7 12. h4 f5 13. h5 Qe8 14. Nh3 gxh5 15.
Bxc5 dxc5 16. Nf2 Bh6+ 17. Kb1 Be3 18. Nd3 a6 19. Rde1 Bd4 20. Ne2 fxe4 21. fxe4
Bg4 22. Nxd4 cxd4 23. Qd2 Qe7 24. Nf2 Rf7 25. Nxg4 hxg4 26. Rh6 Raf8 27. Re6 Qh4
28. Rxe5 h6 29. Rd1 Rf1 30. Re6 Qh1 31. Qe2 Rxd1+ 32. Kc2 d3+ 0-1

[Event "29th Czech Open A 2018"]
[Site "Pardubice CZE"]
[Date "2018.07.26"]
[Round "7.31"]
[White "Yagupov, Igor"]
[Black "Petr, Martin"]
[Result "1-0"]
[WhiteTitle "GM"]
[BlackTitle "GM"]
[WhiteElo "2349"]
[BlackElo "2456"]
[WhiteFideId "4113632"]
[BlackFideId "318299"]
[EventDate "2018.07.20"]

1. e4 e6 2. d4 d5 3. Nc3 Bb4 4. e5 c5 5. a3 Bxc3+ 6. bxc3 Ne7 7. Qg4 Qc7 8. Qxg7
Rg8 9. Qxh7 cxd4 10. Ne2 Nbc6 11. f4 dxc3 12. h4 b6 13. Qd3 d4 14. Nxd4 Nxd4 15.
Qxd4 Nf5 16. Bb5+ Bd7 17. Qxd7+ Qxd7 18. Bxd7+ Kxd7 19. Kf2 Rg4 20. Be3 Rag8 21.
Rag1 Nxh4 22. g3 Nf5 23. Rh3 Kc6 24. Kf3 Nxe3 25. Kxe3 Rd8 26. Rh7 Rd7 27. Rh8
Kb7 28. Kf3 Rg7 29. Rgh1 b5 30. Rb1 a6 31. Rb3 Rc7 32. a4 Rc4 33. axb5 a5 34. b6
a4 35. Rb5 Rd4 36. Re8 Rd7 37. Rb4 a3 38. Ra4 Rd2 39. Rxa3 Rxc2 40. Rb3 Rb2 41.
Re7+ Kb8 42. Rxc3 Rxb6 43. Re8+ Kb7 44. Rec8 Rb1 45. R3c7+ Kb6 46. Rb8+ Kxc7 47.
Rxb1 Kd7 48. Rb7+ Ke8 49. Rb8+ Ke7 50. Rh8 f5 51. exf6+ Kxf6 52. Rh6+ Kf7 53. g4
Rg8 54. Rh7+ Kg6 55. Re7 Kf6 56. Ra7 Rb8 57. g5+ Kg6 58. Re7 1-0

[Event "29th Czech Open A 2018"]
[Site "Pardubice CZE"]
[Date "2018.07.26"]
[Round "7.32"]
[White "Kucza, Karol"]
[Black "Kraus, Tomas"]
[Result "0-1"]
[WhiteTitle "FM"]
[BlackTitle "IM"]
[WhiteElo "2308"]
[BlackElo "2442"]
[WhiteFideId "1159755"]
[BlackFideId "331708"]
[EventDate "2018.07.20"]

1. e4 e5 2. Nf3 Nc6 3. Bb5 a6 4. Ba4 g6 5. Nc3 Bg7 6. d3 Nge7 7. h4 h6 8. h5 g5
9. Nxg5 hxg5 10. Bxg5 Bh6 11. Bf6 Rg8 12. Nd5 b5 13. Bb3 d6 14. a4 Rb8 15. axb5
axb5 16. c3 Kf8 17. Qf3 Bg4 18. Qg3 Bd1 19. Bxd1 Rxg3 20. fxg3 Ra8 21. Rxa8 Qxa8
22. g4 Nxd5 23. exd5 Ne7 24. O-O Nxd5 25. Bb3 Nxf6 26. Rxf6 Qa1+ 27. Kh2 Bf4+
28. g3 Qxb2+ 29. Kh3 Qxb3 30. gxf4 Qxc3 31. g5 Qxd3+ 32. Kg4 Qe2+ 33. Kh4 Qh2+
34. Kg4 b4 35. g6 Qxf4+ 36. Rxf4 exf4 37. Kg5 fxg6 0-1

[Event "29th Czech Open A 2018"]
[Site "Pardubice CZE"]
[Date "2018.07.26"]
[Round "7.33"]
[White "Neuman, Petr"]
[Black "Kozusek, Daniel"]
[Result "0-1"]
[WhiteTitle "GM"]
[WhiteElo "2440"]
[BlackElo "2302"]
[WhiteFideId "305243"]
[BlackFideId "349500"]
[EventDate "2018.07.20"]

1. b3 d5 2. Bb2 Bg4 3. f3 Bh5 4. e3 c6 5. Nh3 f6 6. d4 e6 7. Nf4 Bf7 8. c4 Bd6
9. Nd3 Nd7 10. Nd2 Ne7 11. e4 Qb8 12. g3 O-O 13. Bh3 Rd8 14. O-O e5 15. exd5
cxd5 16. c5 Bc7 17. b4 Nf8 18. Nb3 e4 19. Nf2 Bh5 20. Bg4 Bg6 21. f4 b5 22. Be2
Nc6 23. Bc3 Ne7 24. a4 Be8 25. axb5 Bxb5 26. Re1 Nc6 27. Ng4 Nxb4 28. Bxb4 Bxe2
29. Qxe2 Qxb4 30. Reb1 Ne6 31. Qd1 a5 32. Ne3 a4 33. Nc2 Qxb3 34. Rxb3 axb3 35.
Ne3 b2 36. Rb1 Ra3 37. Nc2 Rd3 38. Qg4 Nxd4 39. Nxd4 Rxd4 40. Rxb2 Rc4 41. Qe6+
Kf8 42. Qc6 Bd6 43. Rb5 Be7 44. Kg2 Rc2+ 45. Kh3 Rc4 46. Kg2 e3 47. Kf3 d4 48.
Qe4 Rc3 49. Qxh7 d3 50. Qh8+ Kf7 51. Qh5+ Kg8 52. c6 d2 53. Rd5 d1=Q+ 54. Rxd1
Rxd1 55. Qe8+ Bf8 56. Qe6+ Kh7 57. Qf5+ g6 58. Qxf6 Bg7 59. Qh4+ Kg8 60. Qe7 Rd2
61. c7 e2+ 62. Kg4 Rxc7 0-1

[Event "29th Czech Open A 2018"]
[Site "Pardubice CZE"]
[Date "2018.07.26"]
[Round "7.35"]
[White "Zwardon, Vojtech"]
[Black "Dhulipalla, Bala Chandra Prasad"]
[Result "1-0"]
[WhiteTitle "IM"]
[BlackTitle "IM"]
[WhiteElo "2424"]
[BlackElo "2268"]
[WhiteFideId "325511"]
[BlackFideId "25005812"]
[EventDate "2018.07.20"]

1. c4 e5 2. g3 c6 3. Nf3 e4 4. Nd4 d5 5. cxd5 Qxd5 6. e3 Nf6 7. Bg2 Qe5 8. O-O
Bc5 9. d3 exd3 10. Qxd3 O-O 11. Nc3 Rd8 12. Qc2 Na6 13. a3 Bxd4 14. exd4 Qf5 15.
Qa4 Nc7 16. Bf4 Ne6 17. Be5 Ng4 18. Rae1 f6 19. h3 Nh6 20. g4 Qg6 21. f4 fxe5
22. f5 Qg5 23. fxe6 Bxe6 24. Rxe5 Qg6 25. Be4 Qe8 26. d5 b5 27. Qa6 Qe7 28. Qxc6
Nf7 29. Qxe6 Qxe6 1-0

[Event "29th Czech Open A 2018"]
[Site "Pardubice CZE"]
[Date "2018.07.26"]
[Round "7.36"]
[White "Haldorsen, Benjamin"]
[Black "Slovak, Kilian"]
[Result "1-0"]
[WhiteTitle "FM"]
[WhiteElo "2423"]
[BlackElo "2285"]
[WhiteFideId "1512633"]
[BlackFideId "365440"]
[EventDate "2018.07.20"]

1. Nf3 Nf6 2. g3 g6 3. c4 Bg7 4. Bg2 O-O 5. O-O d6 6. d4 Nc6 7. Nc3 a6 8. d5 Na5
9. b3 c5 10. dxc6 bxc6 11. Bb2 Rb8 12. Qc1 Bd7 13. c5 dxc5 14. Rd1 Qc8 15. Na4
Bh3 16. Bxh3 Qxh3 17. Qxc5 Rb5 18. Qxe7 Rf5 19. Rd8 Nb7 20. Rxf8+ Bxf8 21. Qxb7
Ng4 22. Qxc6 Rh5 23. Qc8 1-0

[Event "29th Czech Open A 2018"]
[Site "Pardubice CZE"]
[Date "2018.07.26"]
[Round "7.37"]
[White "Gomes, Mary Ann"]
[Black "Drnovsek, Gal"]
[Result "0-1"]
[WhiteTitle "WGM"]
[BlackTitle "IM"]
[WhiteElo "2284"]
[BlackElo "2414"]
[WhiteFideId "5013623"]
[BlackFideId "14607077"]
[EventDate "2018.07.20"]

1. e4 c5 2. Nf3 d6 3. Bb5+ Nd7 4. O-O a6 5. Bd3 Ngf6 6. Re1 e6 7. a4 b6 8. c3
Bb7 9. Na3 Be7 10. Bc2 b5 11. d3 O-O 12. h3 h6 13. Bd2 Qb6 14. b4 Bc6 15. Qe2
Qb7 16. bxc5 dxc5 17. Rab1 b4 18. d4 Nxe4 19. Nc4 Nxd2 20. Nfxd2 a5 21. Nb3 Qc7
22. Qd3 Nf6 23. Nxc5 bxc3 24. Ne5 Bd5 25. Ncd7 Rfd8 26. Nxf6+ Bxf6 27. Ng4 Qf4
28. Nxf6+ Qxf6 29. Qxc3 Rac8 30. Qd3 g6 31. Re5 Kg7 32. Rbe1 Rb8 33. R1e3 Rdc8
34. Bd1 Rc1 35. Re1 Rb2 36. Qe3 Rbb1 37. Qd2 Ra1 38. Bc2 Rxc2 39. Qxc2 Ra2 40.
Qxa2 Bxa2 41. Rxa5 Qxd4 42. Rc1 Bb3 43. Ra6 Bxa4 44. Rc7 Bb3 45. Raa7 e5 46. Rd7
Qe4 47. Ra3 Qe1+ 48. Kh2 Be6 0-1

[Event "29th Czech Open A 2018"]
[Site "Pardubice CZE"]
[Date "2018.07.26"]
[Round "7.38"]
[White "Suleymanli, Aydin"]
[Black "Plischki, Sebastian"]
[Result "0-1"]
[WhiteTitle "FM"]
[BlackTitle "IM"]
[WhiteElo "2266"]
[BlackElo "2413"]
[WhiteFideId "13413937"]
[BlackFideId "4637143"]
[EventDate "2018.07.20"]

1. d4 Nf6 2. c4 g6 3. Nc3 Bg7 4. e4 d6 5. f4 O-O 6. Nf3 Na6 7. Be2 e5 8. fxe5
dxe5 9. d5 Nc5 10. Bg5 h6 11. Bxf6 Qxf6 12. b4 Na6 13. a3 c5 14. Rb1 Bd7 15. Qd2
Qd6 16. b5 Nc7 17. O-O b6 18. a4 f5 19. a5 f4 20. Ra1 g5 21. h3 Rfd8 22. Qd1 Ne8
23. Nh2 Qf8 24. Ra2 Nd6 25. Qd3 Be8 26. Rfa1 Bg6 27. Bg4 Kh7 28. Nf3 Qe8 29. Be6
Nb7 30. axb6 Qxe6 31. bxa7 Qe7 32. Ra6 Nd6 33. Nd2 Rd7 34. Nb3 Rdxa7 35. Nxc5
Nxb5 36. d6 Nxd6 37. Rxa7 Rxa7 38. Rxa7 Qxa7 39. Qxd6 Qa1+ 40. Kh2 Qxc3 41. Qe7
Qg3+ 42. Kh1 f3 0-1

[Event "29th Czech Open A 2018"]
[Site "Pardubice CZE"]
[Date "2018.07.26"]
[Round "7.39"]
[White "Fenil, Shah"]
[Black "Rudovskii, Filipp"]
[Result "1-0"]
[WhiteTitle "IM"]
[WhiteElo "2411"]
[BlackElo "1944"]
[WhiteFideId "5019850"]
[BlackFideId "54121299"]
[EventDate "2018.07.20"]

1. d4 Nf6 2. Nc3 d5 3. Bf4 Bf5 4. f3 h5 5. e3 e6 6. Bd3 c6 7. Nge2 b5 8. e4 dxe4
9. fxe4 Bh7 10. e5 Ng4 11. Bxh7 g5 12. h3 gxf4 13. hxg4 Rxh7 14. Ne4 Nd7 15.
Nxf4 Qa5+ 16. c3 O-O-O 17. Qc2 Rh8 18. Nxh5 Qb6 19. Rf1 Qa5 20. Rxf7 Nb6 21. Kf2
Nd5 22. Nef6 Ne7 23. Qb3 c5 24. Qxe6+ Kb8 25. Nd7+ 1-0

[Event "29th Czech Open A 2018"]
[Site "Pardubice CZE"]
[Date "2018.07.26"]
[Round "7.40"]
[White "Meissner, Felix"]
[Black "Boruchovsky, Avital"]
[Result "1/2-1/2"]
[WhiteTitle "FM"]
[BlackTitle "GM"]
[WhiteElo "2354"]
[BlackElo "2558"]
[WhiteFideId "24671827"]
[BlackFideId "2800055"]
[EventDate "2018.07.20"]

1. e4 c5 2. Nc3 d6 3. d4 cxd4 4. Qxd4 Nc6 5. Qd2 g6 6. b3 Bh6 7. f4 Nf6 8. Bb2
a5 9. a4 O-O 10. O-O-O e5 11. g3 Nb4 12. Nf3 Bg4 13. Bg2 Rc8 14. Kb1 exf4 15. h3
Be6 16. g4 Bg7 17. Nd4 d5 18. Qxf4 Qb6 19. e5 Nd7 20. Rhe1 Rc5 21. Ncb5 Qd8 22.
Rd2 Qb8 23. Rde2 Rfc8 24. h4 Nc6 25. Bh3 Bxe5 26. Rxe5 Ncxe5 27. Nxe6 Rxc2 28.
Bxe5 Nxe5 29. Qf6 fxe6 30. g5 R2c6 31. Bxe6+ Rxe6 32. Qxe6+ Nf7 33. Rf1 Rf8 34.
Qxd5 Qd8 35. Qc4 Qd7 36. Kb2 1/2-1/2

[Event "29th Czech Open A 2018"]
[Site "Pardubice CZE"]
[Date "2018.07.26"]
[Round "7.41"]
[White "Babula, Vlastimil"]
[Black "Reuker, Jari"]
[Result "1/2-1/2"]
[WhiteTitle "GM"]
[WhiteElo "2533"]
[BlackElo "2377"]
[WhiteFideId "301264"]
[BlackFideId "12909300"]
[EventDate "2018.07.20"]

1. d4 Nf6 2. c4 e6 3. Nc3 Bb4 4. e3 O-O 5. Ne2 c6 6. a3 Ba5 7. Qc2 d5 8. Ng3
Nbd7 9. Be2 dxc4 10. Bxc4 e5 11. O-O exd4 12. exd4 Nb6 13. Ba2 Nbd5 14. Bg5 h6
15. Bd2 Bc7 16. Nxd5 cxd5 17. Rac1 Bxg3 18. hxg3 Be6 19. f3 Rc8 20. Qd3 Rxc1 21.
Rxc1 Qd7 22. Bb1 Rc8 23. Re1 Rc4 24. Bf4 Kf8 25. g4 Qd8 26. Be5 Qb6 27. Ba2 Rc6
28. Bxf6 gxf6 29. Qd2 Kg7 30. Bb1 Rc4 31. Rd1 Bd7 32. Ba2 Rc6 33. Bxd5 Rd6 34.
Be4 Ba4 35. Rc1 Rxd4 36. Qf2 Qd6 37. Re1 b6 38. Qe3 Bb5 39. f4 Rd2 40. g5 hxg5
41. fxg5 Qd4 42. gxf6+ Kxf6 43. Qxd4+ Rxd4 44. Re3 Rd2 45. Rf3+ Ke5 46. Rf5+
Kxe4 47. Rxb5 f5 48. a4 f4 49. a5 bxa5 1/2-1/2

[Event "29th Czech Open A 2018"]
[Site "Pardubice CZE"]
[Date "2018.07.26"]
[Round "7.42"]
[White "Gallego Alcaraz, Andres Felipe"]
[Black "Stoyanov, Tsvetan"]
[Result "1/2-1/2"]
[WhiteTitle "IM"]
[BlackTitle "FM"]
[WhiteElo "2504"]
[BlackElo "2348"]
[WhiteFideId "4402669"]
[BlackFideId "2917173"]
[EventDate "2018.07.20"]

1. d4 Nf6 2. c4 e6 3. Nf3 Bb4+ 4. Nbd2 b6 5. a3 Bxd2+ 6. Qxd2 Bb7 7. b4 d6 8.
Bb2 Nbd7 9. e3 Qe7 10. Be2 a5 11. b5 O-O 12. O-O Rac8 13. Rfd1 Ne4 14. Qc2 f5
15. a4 g5 16. Ne1 g4 17. f3 gxf3 18. Bxf3 Qg5 19. Qe2 Rf6 20. Nd3 Rh6 21. Nf4
Kf7 22. d5 e5 23. Ne6 Rxe6 24. Bxe4 Rf6 25. Bc2 Rf8 26. Rf1 Ke7 27. Rf3 R8f7 28.
Rg3 Qh6 29. Rf1 Bc8 30. Rh3 Qg7 31. Rg3 Qh6 32. Ba3 Nf8 33. Bc1 Ng6 34. Rh3 Qf8
35. Rh5 Kd8 36. Bd2 Bd7 37. Qe1 f4 38. exf4 Nxf4 39. Bxf4 Rxf4 40. Rxf4 Rxf4 41.
Be4 h6 42. g3 Qg7 43. Kg2 1/2-1/2

[Event "29th Czech Open A 2018"]
[Site "Pardubice CZE"]
[Date "2018.07.26"]
[Round "7.43"]
[White "Ilic, Zoran S"]
[Black "Kislinsky, Alexey"]
[Result "0-1"]
[WhiteTitle "IM"]
[BlackTitle "GM"]
[WhiteElo "2303"]
[BlackElo "2502"]
[WhiteFideId "901733"]
[BlackFideId "14108801"]
[EventDate "2018.07.20"]

1. d4 e6 2. c4 c5 3. d5 exd5 4. cxd5 d6 5. Nc3 g6 6. g3 Bg7 7. Bg2 Nf6 8. Nf3
O-O 9. O-O Re8 10. Nd2 a6 11. a4 Nbd7 12. a5 b5 13. axb6 Nxb6 14. Nb3 Nc4 15.
Ra4 Ne5 16. f4 Neg4 17. e4 Bd7 18. Ra3 Qb6 19. h3 c4+ 20. Nd4 Nxe4 21. Nxe4
Bxd4+ 22. Kh1 f5 23. Nxd6 Nf2+ 24. Rxf2 Bxf2 25. Nxe8 Rxe8 26. Bd2 Qxb2 27. Rf3
Ba4 28. Qf1 Qxd2 29. Rxf2 Qe1 30. d6 c3 31. Kh2 Qxf1 32. Rxf1 Re2 0-1